| 000 | 00805cam a22002411a 4500 | ||
|---|---|---|---|
| 001 | 17345259 | ||
| 005 | 20201128021226.0 | ||
| 008 | 120613t2013 nyua f b 001 0 eng | ||
| 020 | _a9781133946595 | ||
| 020 | _a1133946593 | ||
| 040 |
_aDLC _cDLC _dEG-ScBUE |
||
| 082 | 0 | 0 |
_a620.0042028553 _bKRI _222 |
| 100 | 1 |
_aKrishnan, G. V. _937590 |
|
| 245 | 1 | 0 |
_aHarnessing AutoCAD 2013 / _cG.V. Krishnan and Thomas A. Stellman. |
| 260 |
_aClifton Park, United States : _bDelmar, Cengage Learning, _cc.2013. |
||
| 300 |
_a[Various pagings] : _bill. ; _c28 cm. |
||
| 504 | _aIncludes bibliographical references and Index. | ||
| 630 | 0 | 0 |
_937593 _aAutoCAD |
| 650 | 0 |
_92127 _aEngineering design _xData processing. |
|
| 653 |
_bENGGEN _cApril2015 |
||
| 655 |
_vreading book _934232 |
||
| 942 |
_2ddc _k620.0042028553 KRI |
||
| 999 |
_c19167 _d19139 |
||